Real Madrid - Tous les joueurs (2010-2020) - Statistiques

Statistiques générales
  • Ce quiz a été pris 13 491 fois
  • Le résultat moyen est 41 sur 87
Statistiques - réponses
Saisons Nationalité Joueur Nb de matchs % Correct
2010-2018 Portugal Cristiano Ronaldo 263
99%
2010-2020 France Karim Benzema 322
98%
2012-2020 Croatie Luka Modric 231
98%
2013-2020 Pays de Galles Gareth Bale 171
95%
2010-2020 Espagne Sergio Ramos 290
95%
2014-2020 Allemagne Toni Kroos 187
95%
2010-2020 Brésil Marcelo 266
93%
2011-2020 France Raphaël Varane 205
90%
2013-2020 Espagne Dani Carvajal 186
89%
2014-2019 Costa Rica Keylor Navas 104
88%
2018-2020 Belgique Thibaut Courtois 61
87%
2010-2017 Portugal Pepe 174
86%
2012-2014, 2015-2020 Brésil Casemiro 155
85%
2018-2020 Brésil Vinicius Junior 47
85%
2010-2014 Argentine Angel Di Maria 124
83%
2015-2018 Espagne Kiko Casilla 25
83%
2014-2017, 2019-2020 Colombie James Rodriguez 85
80%
2019-2020 Belgique Eden Hazard 16
75%
2018-2020 Uruguay Federico Valverde 49
74%
2019-2020 France Ferland Mendy 25
74%
2013-2020 Espagne Isco 207
74%
2019-2020 Brésil Rodrygo 19
73%
2010-2014 Allemagne Mesut Özil 105
71%
2010-2011, 2012-2020 Espagne Nacho 134
71%
2017-2018 Maroc Achraf Hakimi 9
70%
2016-2020 Espagne Marco Asensio 105
69%
2014-2015 Mexique Javier Hernandez 23
66%
2017-2018 France Theo Hernandez 13
65%
2016-2017, 2018-2020 Rép. Dominicaine Mariano 26
63%
2015-2018 Croatie Mateo Kovacic 73
62%
2010-2013 Argentine Gonzalo Higuain 80
61%
2014-2015 Norvège Martin Odegaard 1
61%
2011-2015, 2016-2017 Portugal Fabio Coentrao 58
59%
2019-2020 Serbie Luka Jovic 17
59%
2010-2015 Allemagne Sami Khedira 102
59%
2010-2014 Espagne Xabi Alonso 124
58%
2015-2020 Espagne Lucas Vazquez 140
57%
2010-2015 Espagne Iker Casillas 125
56%
2019-2020 Brésil Eder Militao 15
55%
2012-2013 Ghana Michael Essien 21
51%
2012-2013 Espagne José Rodriguez 1
50%
2017-2019 France Luca Zidane 2
50%
2010-2013 France Lassana Diarra 45
49%
2010-2014, 2016-2017 Espagne Alvaro Morata 63
48%
2017-2019 Espagne Dani Ceballos 35
46%
2010-2013 Brésil Kaka 60
45%
2010-2011 Mali Mahamadou Diarra 3
45%
2010-2016 Espagne Alvaro Arbeloa 123
43%
2010-2011 Togo Emmanuel Adebayor 14
43%
2011-2012, 2013-2016 Espagne Jesé 63
39%
2018-2020 Espagne Brahim Diaz 15
37%
2012-2014 Espagne Diego Lopez 52
34%
2017-2019 Espagne Jesus Vallejo 12
34%
2019-2020 France Alphonse Areola 4
32%
2010-2013 Portugal Ricardo Carvalho 50
28%
2012-2014 Espagne Diego Llorente 2
27%
2015-2016, 2017-2019 Espagne Marcos Llorente 22
27%
2013-2015 Espagne Asier Illarramendi 59
24%
2015-2017 Brésil Danilo 41
24%
2011-2012 Turquie Nuri Sahin 4
24%
2018-2020 Espagne Alvaro Odriozola 18
23%
2010-2013 Espagne Raul Albiol 48
23%
2015-2016 Russie Denis Cheryshev 2
22%
2012-2013 Brésil Fabinho 1
21%
2014-2015 Brésil Lucas Silva 8
18%
2011-2012 Turquie Hamit Altintop 5
17%
2011-2013 Espagne José Callejon 55
17%
2015-2016, 2017-2018 Espagne Borja Mayoral 20
15%
2013-2014 Brésil Willian José 1
15%
2018-2019 Espagne Sergio Reguilon 14
13%
2010-2011 Espagne Alex Fernandez 1
12%
2010-2011, 2012-2013 Espagne Jesus Fernandez 2
12%
2010-2012 Espagne Esteban Granero 36
11%
2010-2011 Argentine Fernando Gago 4
11%
2010-2011 Espagne Juan Carlos 1
11%
2010-2011 Pologne Jerzy Dudek 1
10%
2010-2011 Espagne Joselu 1
10%
2010-2013 Espagne Antonio Adan 7
8%
2010-2011 Argentine Ezequiel Garay 5
8%
2010-2011 Espagne Sergio Canales 10
7%
2018-2019 Espagne Javi Sanchez 1
6%
2010-2011 Espagne Pedro Leon 6
6%
2018-2019 Espagne Cristo Gonzalez 1
4%
2014-2015 Espagne Alvaro Medran 2
2%
2012-2013 Espagne Omar Mascarell 1
2%
2016-2017 Espagne Alvaro Tejero 1
1%
2010-2011 Espagne Tomas Mejias 1
1%
Aucun quiz correspondant
Distribution des résultats
% des personnes avec chaque résultat
Percentile par nombre de réponses
Votre historique - résultats
Vous n’avez pas pris ce quiz